Logo BPK

Biblioteka

Politechniki Koszalińskiej

Lady L. : (Rekord nr 48796)

Szczegóły MARC
000 -ETYKIETA REKORDU
podpole kontrolne o stałej długości 00407nam a2200157 i 4500
001 - NUMER KONTROLNY REKORDU
pole kontrolne bgj
040 ## - ŹRÓDŁO KATALOGOWANIA
Instytucja, która utworzyła rekord BPK
041 0# - KOD JĘZYKA
Kod języka tekstu eng
Kod języka oryginału fre
008 - POLE O STAŁEJ DŁUGOŚCI - DANE KONTROLNE
podpole kontrolne o stałej długości s uk f |000 0 eng
100 1# - NAZWA OSOBOWA
Nazwa osobowa Gary, Romain
Daty związane z nazwą (1914-1980).
245 10 - TYTUŁ/ODPOWIEDZIALNOŚĆ
Tytuł Lady L. :
Ciąg dalszy tytułu a novel /
Pozostałe elementy strefy tytułu i oznaczenia odpowiedzialności by Romain Gary.
260 ## - STREFA ADRESU WYDAWNICZEGO
Miejsce wydania New York :
Nazwa wydawcy/dystrybutora Simon and Schuster,
Data publikacji, dystrybucji/powstania dokumentu 1959.
300 ## - STREFA OPISU FIZYCZNEGO
Objętość 215 pp ;
Rozmiary 22 cm.
650 #9 - HASŁO PRZEDMIOTOWE W FORMIE NAZWY OGÓLNEJ LUB JEDNOSTKOWEJ
Nazwa ogólna lub geograficzna French literature
856 ## - LOKALIZACJA I DOSTĘP DO ELEKTRONICZNYCH DOKUMENTÓW ZDALNYCH
Link (URL) http://koha.tu.koszalin.pl/cgi-bin/koha/opac-detail.pl?biblionumber=48796
Tekst linku Katalog online BPK
942 ## - DODATKOWE ELEMENTY (KOHA)
Typ dokumentu Książka
Egzemplarze
Wycofany Status egzemplarza Uszkodzony Dostępność Lokalizacja stała Lokalizacja bieżąca Miejsce przechowywania Sygnatura Kod kreskowy Typ dokumentu
      Dostępny Biblioteka Politechniki Koszalińskiej Biblioteka Politechniki Koszalińskiej Wypożyczalnia Językowa KA 6120 09050587 Książka
© 2023 Biblioteka Politechniki Koszalińskiej :: KOHA